000 00522nam a2200169Ia 4500
008 090123s9999 xx 000 0 und d
082 _b35639
100 _aमायकेल टेटबॉय
245 _aद लिटील मर्मेड
250 _a0
260 _bशेठ
600 _aमायकेल टेटबॉय
630 _aद लिटील मर्मेड
700 _aमायकेल टेटबॉय
730 _aद लिटील मर्मेड
942 _cBOOK
999 _c73706
_d73706